• 首页
  • 本馆介绍
  • 公告通知
  • 最新文献
  • 馆藏检索
  • 电子资源
  • 读者导购
  • 参考咨询
  • 我的图书馆
  • 登录
  • 详细信息显示
  • 放入我的书架
  • 预约/预借图书
  • 作者相关作品
  • 分类相关作品
  • 丛书相关作品
  • 出版社相关作品

书目信息

  • 表格格式
  • 工作单格式
  • 卡片格式
题名:
实验生理科学
    
 
作者: 陈世民 , 莫燕娜 , 赵善民 主编
分册:  
出版信息: 上海   上海科学技术出版社  2011.7
页数: 292页
开本: 26cm
丛书名:
单 册:
中图分类: Q4-33
科图分类:
主题词: 生理学--实验--医学院校--教材 , 生理学
电子资源:
ISBN: 978-7-5478-0859-7
000 01176nam0 2200301 450
001 0400003241
005 20171026101125.29
010    @a978-7-5478-0859-7@dCNY38.00
100    @a20171021e20172011em y0chiy ea
101 0  @achi
102    @aCN@b310000
105    @aa z 000yy
106    @ar
200 1  @a实验生理科学@9shi yan sheng li ke xue@dExperimental physiological science@f陈世民,莫燕娜,赵善民主编@zeng
205    @a第2版
210    @a上海@c上海科学技术出版社@d2011.7@h2017.6
215    @a292页@c图@d26cm
300    @a高等医学院校教材 供基础、临床、预防、口腔、护理、检验、药学、中西医临床、中医、针灸推拿、生物技术及生物科学等专业用
330    @a本书介绍了实验生理科学知识的教材,内容包括:绪论、实验生理科学基本知识、动物实验、人体(临床)实验、讨论课及附录等六部分,重点在于动物实验方法。
510 1  @aExperimental physiological science@zeng
606 0  @a生理学@x实验@x医学院校@j教材
606 0  @a生理学
690    @aQ4-33@v4
701  0 @a陈世民@9chen shi min@f(1962~)@4主编
701  0 @a莫燕娜@9mo yan na@c(女)@4主编
701  0 @a赵善民@9zhao shan min@f(1951~)@4主编
801  0 @aCN@b91MARC@c20171021
905    @b1035856-60@dQ4-33@f5@e29=2
    
    实验生理科学=Experimental physiological science/陈世民,莫燕娜,赵善民主编.-第2版.-上海:上海科学技术出版社,2011.7(2017.6)
    292页:图;26cm
    高等医学院校教材 供基础、临床、预防、口腔、护理、检验、药学、中西医临床、中医、针灸推拿、生物技术及生物科学等专业用
    
    ISBN 978-7-5478-0859-7:CNY38.00
    本书介绍了实验生理科学知识的教材,内容包括:绪论、实验生理科学基本知识、动物实验、人体(临床)实验、讨论课及附录等六部分,重点在于动物实验方法。
●
相关链接 在E读中查询图书 在五车中查询图书 在当当中查询图书 在豆瓣中查询图书


正题名:实验生理科学     索取号:Q4-33/29=2         预约/预借

序号 登录号 条形码 馆藏地/架位号 状态 备注
1 1035856   210358566   第二样本阅览室/ [索取号:Q4-33/29=2] 在馆    
2 1035857   210358575   第三借阅区/ [索取号:Q4-33/29=2] 在馆    
3 1035858   210358584   第三借阅区/ [索取号:Q4-33/29=2] 在馆    
4 1035859   210358593   第三借阅区/ [索取号:Q4-33/29=2] 在馆    
5 1035860   210358600   生命科学系资料室/ [索取号:Q4-33/29=2] 在馆    
唐山师范学院图书馆 欢迎您!
大连网信软件有限公司© 版权所有